| 000 | 02110cam a2200313 a 4500 | ||
|---|---|---|---|
| 001 | 3307 | ||
| 003 | FISKH | ||
| 005 | 20240228154003.0 | ||
| 008 | 090514s2009 nyuj 000 1 eng | ||
| 010 | _a 2009019912 | ||
| 020 | _a9780805080681 | ||
| 020 | _a0805080686 | ||
| 040 |
_aDLC _beng _cDLC _dDLC |
||
| 043 | _ae-uk--- | ||
| 050 | 0 | 0 |
_aPR6063.A438 _bW65 2009a |
| 082 | 0 | 0 |
_a823/.914 _222 |
| 100 | 1 |
_aMantel, Hilary, _d1952-2022. |
|
| 245 | 1 | 0 |
_aWolf Hall : _ba novel / _cHilary Mantel. |
| 250 | _aThis edition published in 2010 | ||
| 260 |
_aLondon : _bHarper Collins, _c2009 |
||
| 300 |
_a653, 20 pages : _c20 cm |
||
| 520 | _aEngland in the 1520s is a heartbeat from disaster. If the king dies without a male heir, the country could be destroyed by civil war. Henry VIII wants to annul his marriage of twenty years, and marry Anne Boleyn. The pope and most of Europe opposes him. The quest for the king's freedom destroys his adviser, the brilliant Cardinal Wolsey, and leaves a power vacuum. Into this impasse steps Thomas Cromwell. Cromwell is a wholly original man, a charmer and a bully, both idealist and opportunist, astute in reading people and a demon of energy: he is also a consummate politician, hardened by his personal losses, implacable in his ambition. But Henry is volatile: one day tender, one day murderous. Cromwell helps him break the opposition, but what will be the price of his triumph? In inimitable style, Hilary Mantel presents a picture of a half-made society on the cusp of change, where individuals fight or embrace their fate with passion and courage. With a vast array of characters, overflowing with incident, the novel re-creates an era when the personal and political are separated by a hairbreadth, where success brings unlimited power but a single failure means death. | ||
| 600 | 1 | 0 |
_aCromwell, Thomas, _cEarl of Essex, _d1485?-1540 _vFiction. |
| 651 | 0 |
_aGreat Britain _xHistory _yHenry VIII, 1509-1547 _vFiction. |
|
| 655 | 7 |
_aHistorical fiction. _2gsafd |
|
| 906 |
_a7 _bcbc _corignew _d1 _eecip _f20 _gy-gencatlg |
||
| 942 |
_2ddc _cBK _n0 |
||
| 999 |
_c3307 _d3307 |
||